LEADER 01036nam a2200265 i 4500 001 000000147808 003 CaOOAMICUS 005 20060214000000.0 008 060214s1982 it u000 u ita u 013 $a125109 040 $aSeMil$bita 100 1 $aDebenedetti, Giacomo <1901-1967>.$0(OLS)http://semarc/name/8393 245 10$aRileggere Proust e altri saggi proustiani /$cGiacomo Debenedetti. 260 $aMilano :$bArnoldo Mondadori Editore,$c1982. 300 $a210 p. ;$c21 cm. 490 0 $aPassaggi ;$v5 500 $aFondo Ciprandi. 600 14$aProust, Marcel <1871-1922>.$0(OLS)http://semarc/subject/12447 830 0$aPassaggi ;$v5.$0(OLS)http://semarc/title/7839 850 $aSeMil 852 $aSeMil$W1$xVenegono$y1$m1W II 293$j100344$B100344$CSeMilBibl$Z2$F108998 $81 941 1 $a1 961 $aOmaggio: Ciprandi dott. Paolo 996 $6245$aRileggere Proust e altri saggi proustiani$9(OLS)http://semarc/title/216132 996 $6260$aMilano :$bArnoldo Mondadori Editore$9(OLS)http://semarc/publisher/30056 LEADER 00592nab a2200133 i 4500 001 000000320488 003 CaOOAMICUS 005 20180831173327.0 008 180831n xx uu u0 0mul r 013 $a30650 040 $aSeMil$bita 245 10$aEnchiridion della famiglia e della vita :$bdocumenti magisteriali e pastorali di Benedetto 16., 1. gennaio 2012-28 febbraio 2013. 773 0 $t[vedi periodico].$gp.[241]-357$w()279640 996 $6245$aEnchiridion della famiglia e della vita :$bdocumenti magisteriali e pastorali di Benedetto 16., 1. gennaio 2012-28 febbraio 2013.$9(OLS)http://semarc/title/394112